00890nam a2200193 i 4500001000700000003000900007005001700016008004100033080002200074100004100096245016100137260007700298300003700375490007900412651003600491710006500527830007900592852002500671181778ES-MaACL20230906221443.0130326s1926 sp | |||| ||spa d a904(460.32 Ibiza)1 aRomán Ferrer, Carlos (d1887-1939)10aExcavaciones en Ibiza b: memoria de los resultados obtenidos en las excavaciones practicadas en 1924 / credactada por el delegado-director Carlos Román. aMadrid : b[s.n.], c1926 (fTip. de la "Rev. de Arch., Bibl. y Museos") a34 p., V h. de lám. ; c25 cm.1 aJunta Superior de Excavaciones y Antigüedades ; vn. 80 = n. 10, 1924-25 4aIbiza-xRestos arqueológicos.2 aEspaña. bJunta Superior de Excavaciones y Antigüedades.0 aJunta Superior de Excavaciones y Antigüedades ; vn. 80 = n. 10, 1924-25 aES-MaACLjE-3374(10)